00536 2200205 4500001002100000005001500021035002000036007000300056008004100059020002200100082001200122084001800134100002800152245004800180250001000228260003500238300002500273650002200298990001000320INLIS00000000000060020171010032735 a0010-1017000154ta171010 f 0 ind  a978-979-1303-48-4 a297.577 a297.577 ALM b0 aAlMashri, Syaikh Mahmud1 aBekal Pernikahan /cSyaikh Mahmud Al Mashri aCet.1 aJakarta :bQisthi Press,c2011 a465hlm ;c15 x 24 cm aPerkawinan, Islam a12856